[Event "FRA-ch Blitz Online Qual"]
[Site "Europe Echecs INT"]
[Date "2020.05.16"]
[Round "7"]
[White "Bourgeois, Florian"]
[Black "Ibrouchene, Christophe"]
[Result "0-1"]
[WhiteElo "2033"]
[BlackElo "1797"]
[PlyCount "98"]
[EventDate "2020.05.16"]
[EventType "swiss (blitz)"]
[EventRounds "15"]
[EventCountry "FRA"]
[SourceTitle "CBM 196 Extra"]
[Source "ChessBase"]
[SourceDate "2020.07.31"]
[SourceVersion "1"]
[SourceVersionDate "2020.07.31"]
[SourceQuality "1"]

1. e4 d5 2. exd5 Nf6 3. Nc3 Bg4 4. Be2 Bxe2 5. Ngxe2 Nxd5 6. d4 c6 7. Be3 e6 8. 0-0 Nd7 9. Qd2 Bd6 10. Ne4 Bc7 11. c4 N5f6 12. N2c3 Nxe4 13. Nxe4 Nf6 14. Bg5 Nxe4 15. Bxd8 Nxd2 16. Bxc7 Nxf1 17. Kxf1 Kd7 18. Be5 f6 19. Bf4 Rhe8 20. Re1 Rad8 21. c5 b6 22. b4 b5 23. Bd6 Ra8 24. Re3 a5 25. a3 axb4 26. axb4 Ra4 27. Rg3 g6 28. Rh3 Rh8 29. Rb3 h5 30. Ke2 g5 31. Ke3 f5 32. Be5 Rha8 33. f4 g4 34. h3 Ra3 35. Rxa3 Rxa3+ 36. Kf2 Rb3 37. hxg4 hxg4 38. g3 Rxb4 39. d5 cxd5 40. Bd6 Rb3 41. Kg2 Kc6 42. Bf8 b4 43. Bd6 Re3 44. Be5 b3 45. Bb2 Re2+ 46. Kg1 Rxb2 47. Kf1 Rc2 48. Kg1 b2 49. Kf1 b1Q# 0-1

[Event "FRA-ch Blitz Online Qual"]
[Site "Europe Echecs INT"]
[Date "2020.05.16"]
[Round "13"]
[White "Bourgeois, Florian"]
[Black "Launay, Maxence"]
[Result "1/2-1/2"]
[WhiteElo "2033"]
[BlackElo "1084"]
[PlyCount "148"]
[EventDate "2020.05.16"]
[EventType "swiss (blitz)"]
[EventRounds "15"]
[EventCountry "FRA"]
[SourceTitle "CBM 196 Extra"]
[Source "ChessBase"]
[SourceDate "2020.07.31"]
[SourceVersion "1"]
[SourceVersionDate "2020.07.31"]
[SourceQuality "1"]

1. e4 d5 2. exd5 Nf6 3. Nc3 c6 4. dxc6 Nxc6 5. d3 Bd7 6. Nf3 e6 7. Be2 Be7 8. 0-0 Qb6 9. Na4 Qc7 10. c4 Ne5 11. Nxe5 Qxe5 12. Nc3 0-0 13. Bf3 Bc6 14. Re1 Qc7 15. Bg5 h6 16. Bh4 Nh7 17. Bg3 Qd7 18. Bxc6 bxc6 19. a3 Bf6 20. Be5 Bxe5 21. Rxe5 Rab8 22. b4 Rfd8 23. Re3 Nf6 24. Qf3 Qd4 25. Rc1 c5 26. b5 a6 27. a4 axb5 28. axb5 Ra8 29. Ne4 Nxe4 30. Qxe4 Qxe4 31. dxe4 Rd4 32. b6 Rb8 33. Rb3 Rxe4 34. b7 Rd4 35. g3 Kf8 36. Ra1 Rdd8 37. Ra5 Rd7 38. Ra8 Rdd8 39. Ra5 Rd7 40. Rxc5 Rdxb7 41. Rxb7 Rxb7 42. Kg2 Ke7 43. Kf3 Kd6 44. Ra5 e5 45. Ke4 f6 46. h4 g6 47. Ra6+ Ke7 48. Kd5 Rd7+ 49. Kc5 g5 50. hxg5 hxg5 51. Kb5 Rd2 52. c5 Rxf2 53. c6 Rc2 54. Ra7+ Ke6 55. c7 e4 56. Kb6 e3 57. Ra8 Kf5 58. c8Q+ Rxc8 59. Rxc8 Kg4 60. Re8 Kxg3 61. Rxe3+ Kf4 62. Re1 f5 63. Kc5 g4 64. Kd4 Kg3 65. Ke3 f4+ 66. Ke4 f3 67. Rg1+ Kf2 68. Rxg4 Ke2 69. Rg3 f2 70. Re3+ Kd1 71. Rf3 Ke1 72. Re3+ Kd1 73. Rd3+ Ke1 74. Re3+ Kd1 1/2-1/2

[Event "FRA-ch Blitz Online Qual"]
[Site "Europe Echecs INT"]
[Date "2020.05.16"]
[Round "5"]
[White "Bourgeois, Florian"]
[Black "Polivanov, Anatoliy"]
[Result "0-1"]
[WhiteElo "2033"]
[BlackElo "2452"]
[PlyCount "66"]
[EventDate "2020.05.16"]
[EventType "swiss (blitz)"]
[EventRounds "15"]
[EventCountry "FRA"]
[SourceTitle "CBM 196 Extra"]
[Source "ChessBase"]
[SourceDate "2020.07.31"]
[SourceVersion "1"]
[SourceVersionDate "2020.07.31"]
[SourceQuality "1"]

1. e4 e6 2. d4 d5 3. exd5 exd5 4. Nf3 Nc6 5. Bd3 Bg4 6. 0-0 Qd7 7. c3 Bd6 8. h3 Bh5 9. Be3 Nge7 10. Nbd2 f6 11. Qc2 0-0-0 12. c4 Nb4 13. Qc3 Nxd3 14. Qxd3 Bg6 15. Qc3 c6 16. c5 Bb8 17. b4 Be4 18. a4 g5 19. b5 g4 20. bxc6 Nxc6 21. Nxe4 gxf3 22. Ng3 Rhg8 23. Bd2 fxg2 24. Kxg2 h5 25. h4 Rg4 26. a5 a6 27. Rae1 Rdg8 28. Rh1 Nxd4 29. Re3 Nf5 30. Rf3 Nxh4+ 31. Rxh4 Rxh4 32. Qxf6 Qh3+ 33. Kg1 Qh1# 0-1

[Event "FRA-ch Blitz Online Qual"]
[Site "Europe Echecs INT"]
[Date "2020.05.16"]
[Round "12"]
[White "Hucault, Christophe"]
[Black "Bourgeois, Florian"]
[Result "1-0"]
[WhiteElo "1612"]
[BlackElo "2033"]
[PlyCount "59"]
[EventDate "2020.05.16"]
[EventType "swiss (blitz)"]
[EventRounds "15"]
[EventCountry "FRA"]
[SourceTitle "CBM 196 Extra"]
[Source "ChessBase"]
[SourceDate "2020.07.31"]
[SourceVersion "1"]
[SourceVersionDate "2020.07.31"]
[SourceQuality "1"]

1. d4 g6 2. Bf4 Bg7 3. e3 c5 4. c3 cxd4 5. exd4 d6 6. Be2 Nf6 7. Nf3 0-0 8. h3 Nc6 9. Nbd2 b6 10. 0-0 Bb7 11. Qc2 Nh5 12. Bh2 e5 13. dxe5 dxe5 14. Nxe5 Bxe5 15. Bxe5 Nxe5 16. Bxh5 gxh5 17. Rad1 Qg5 18. f3 Kh8 19. Ne4 Bxe4 20. Qxe4 Rg8 21. f4 Qg6 22. Qxe5+ f6 23. Qd5 Rad8 24. Qf3 Rxd1 25. Rxd1 Qc2 26. Rf1 h4 27. Rf2 Qc1+ 28. Kh2 Qe1 29. Rf1 Qb1 30. Rxb1 1-0

[Event "Lille Luce op 5th"]
[Site "Lille"]
[Date "2014.04.30"]
[Round "4"]
[White "Miedema, David"]
[Black "Bourgeois, Florian"]
[Result "1/2-1/2"]
[WhiteElo "2390"]
[BlackElo "1986"]
[PlyCount "101"]
[EventDate "2014.04.28"]
[EventType "swiss"]
[EventRounds "9"]
[EventCountry "FRA"]
[SourceTitle "CBM 160 Extra"]
[Source "ChessBase"]
[SourceDate "2014.07.01"]
[SourceVersion "1"]
[SourceVersionDate "2014.07.01"]
[SourceQuality "1"]

1. d4 g6 2. c4 Bg7 3. e4 c5 4. d5 d6 5. Bd3 Nf6 6. Nf3 0-0 7. h3 e6 8. 0-0 exd5 9. exd5 Re8 10. Nc3 a6 11. Bf4 Qc7 12. Qa4 Nbd7 13. Rae1 Rxe1 14. Rxe1 Nb6 15. Qc2 Bd7 16. g4 Re8 17. Rxe8+ Bxe8 18. Ne2 Nc8 19. Ng3 Bd7 20. Qe2 Qa5 21. b3 b5 22. Kg2 b4 23. Bc1 Kf8 24. Ng5 Qd8 25. f4 Qe7 26. Qf2 h6 27. Nf3 Ne8 28. a3 a5 29. Qa2 Qf6 30. axb4 axb4 31. g5 hxg5 32. Ne4 Qa1 33. Qxa1 Bxa1 34. fxg5 Kg7 35. Be3 Bf5 36. Nf2 Bxd3 37. Nxd3 f6 38. h4 Nb6 39. Nxc5 dxc5 40. Bxc5 Nc8 41. Bxb4 fxg5 42. Nxg5 Be5 43. c5 Ne7 44. d6 Nc6 45. d7 Nc7 46. Ba5 Kf6 47. Nf3 Ne6 48. Nxe5 Kxe5 49. b4 Kd5 50. Kf3 Ne5+ 51. Kg3 1/2-1/2

[Event "FRA-ch U14"]
[Site "Troyes"]
[Date "2010.04.17"]
[Round "8"]
[White "Kirk, Ezra"]
[Black "Bourgeois, Florian"]
[Result "1-0"]
[WhiteElo "1970"]
[BlackElo "1805"]
[PlyCount "89"]
[EventDate "2010.04.11"]
[EventType "swiss"]
[EventRounds "9"]
[EventCountry "FRA"]
[SourceTitle "EXT 2012"]
[Source "ChessBase"]
[SourceDate "2011.11.24"]
[SourceVersion "1"]
[SourceVersionDate "2011.11.24"]
[SourceQuality "1"]

1. d4 Nf6 2. c4 c5 3. d5 b5 4. Qc2 g6 5. Nc3 bxc4 6. e4 d6 7. Bxc4 Bg7 8. Nf3 Nbd7 9. 0-0 0-0 10. Re1 Ng4 11. Bf1 Nde5 12. Nd2 Nxf2 13. h3 Nxh3+ 14. gxh3 f5 15. Bg2 f4 16. Rf1 Ba6 17. Rf3 Nxf3+ 18. Nxf3 Qb6 19. Kh1 Rab8 20. Rb1 Qa5 21. Bd2 Bxc3 22. Bxc3 Qxa2 23. Nh4 Qb3 24. Qd2 Qc4 25. Ra1 Qd3 26. Qxd3 Bxd3 27. Rxa7 f3 28. Nxf3 Bxe4 29. Rxe7 Rxf3 30. Rxe4 Rf7 31. Re6 Rb6 32. Kh2 Rf5 33. Kg3 Kf7 34. h4 Kf8 35. Kg4 Ra6 36. Be4 Rf7 37. Kg5 Ra4 38. Bf6 Rb4 39. Bd3 Rb6 40. Kh6 Rd7 41. h5 Rb3 42. Bc3 gxh5 43. Kxh5 Rbb7 44. Kh6 Re7 45. Bb5 1-0

[Event "Cambrai op 2nd"]
[Site "Cambrai"]
[Date "2009.06.26"]
[Round "2"]
[White "Bourgeois, Florian"]
[Black "Renard, Stephane"]
[Result "0-1"]
[WhiteElo "1757"]
[BlackElo "1960"]
[PlyCount "56"]
[EventDate "2009.06.26"]
[EventType "swiss"]
[EventRounds "7"]
[EventCountry "FRA"]
[SourceTitle "EXT 2020"]
[Source "ChessBase"]
[SourceDate "2019.10.17"]
[SourceVersion "1"]
[SourceVersionDate "2019.10.17"]
[SourceQuality "1"]

1. e4 c5 2. Nf3 Nc6 3. d4 cxd4 4. c3 d5 5. exd5 Qxd5 6. b3 e5 7. cxd4 exd4 8. Bc4 Qe4+ 9. Qe2 Qxe2+ 10. Kxe2 Bg4 11. Re1 0-0-0 12. Bxf7 Ne5 13. Bc4 Bxf3+ 14. gxf3 Nxc4 15. bxc4 Nf6 16. Kd3 Bd6 17. h4 Rhf8 18. Na3 Nh5 19. Nb5 Rxf3+ 20. Ke2 Rh3 21. Nxa7+ Kb8 22. Nb5 d3+ 23. Kd1 d2 24. Bxd2 Bb4 25. Re2 Bxd2 26. Kc2 Bf4 27. Rd1 Rc8 28. Re7 Rxc4+ 0-1

[Event "Cappelle op 25th"]
[Site "Cappelle la Grande"]
[Date "2009.03.04"]
[Round "6"]
[White "Bourgeois, Florian"]
[Black "Brunner, Nicolas"]
[Result "0-1"]
[WhiteElo "1773"]
[BlackElo "2413"]
[PlyCount "56"]
[EventDate "2009.02.28"]
[EventType "swiss"]
[EventRounds "9"]
[EventCountry "FRA"]
[SourceTitle "EXT 2016"]
[Source "ChessBase"]
[SourceDate "2015.10.08"]
[SourceVersion "1"]
[SourceVersionDate "2015.10.08"]
[SourceQuality "1"]

1. e4 c5 2. Nf3 d6 3. d4 cxd4 4. Qxd4 Nf6 5. c4 Nc6 6. Qd3 g6 7. Nc3 Bg7 8. a3 Nd7 9. Be2 Nc5 10. Qc2 Bg4 11. Be3 Ne6 12. 0-0 0-0 13. Rad1 Bxf3 14. Bxf3 Ned4 15. Bxd4 Nxd4 16. Qd3 Rc8 17. Be2 a6 18. Qe3 Nxe2+ 19. Qxe2 Bxc3 20. bxc3 Qa5 21. Qb2 Rc7 22. Rd4 Rfc8 23. Rb1 Kf8 24. Qc1 Rxc4 25. Qh6+ Kg8 26. Rxc4 Rxc4 27. Rxb7 Qxc3 28. g3 Qe1+ 0-1